Renyines d'enamorats : (Record no. 137347)

MARC details
000 -CABECERA
campo de control de longitud fija 01358nam a2200301 a 4500
001 - NÚMERO DE CONTROL
campo de control 991028767569706706
003 - IDENTIFICADOR DEL NÚMERO DE CONTROL
campo de control ES-BaIT
005 - FECHA Y HORA DE LA ÚLTIMA TRANSACCIÓN
campo de control 20260407100038.0
008 - DATOS DE LONGITUD FIJA--INFORMACIÓN GENERAL
campo de control de longitud fija 010822s192u spc|||||| 000 d|cat
035 ## - NÚMERO DE CONTROL DEL SISTEMA
Número de control de sistema (ES-BaCBU).b1753138x
035 ## - NÚMERO DE CONTROL DEL SISTEMA
Número de control de sistema (OCoLC)805598947
040 ## - FUENTE DE LA CATALOGACIÓN
Centro catalogador/agencia de origen ES-BaBC
Lengua de catalogación cat
Centro/agencia transcriptor ES-BaBC
080 ## - NÚMERO DE LA CLASIFICACIÓN DECIMAL UNIVERSAL
Número de la Clasificación Decimal Universal 849.9-2"19"
100 1# - ENTRADA PRINCIPAL--NOMBRE DE PERSONA
Nombre de persona Oller, Narcís,
Fechas asociadas al nombre 1846-1930
9 (RLIN) 36839
245 10 - MENCIÓN DE TÍTULO
Título Renyines d'enamorats :
Resto del título joguina en dos actes ; seguida de tres monòlechs /
Mención de responsabilidad, etc. Narcís Oller
260 ## - PUBLICACIÓN, DISTRIBUCIÓN, ETC.
Lugar de publicación, distribución, etc. Barcelona :
Nombre del editor, distribuidor, etc. Ilustració Catalana,
Fecha de publicación, distribución, etc. [192-?]
300 ## - DESCRIPCIÓN FÍSICA
Extensión 88 p. ;
Dimensiones 19 cm
500 ## - NOTA GENERAL
Nota general P6: D2, H4
505 8# - NOTA DE CONTENIDO CON FORMATO
Nota de contenido con formato Conté: Desmemoriat? / monòlech de Ch. Gross ; adaptació de Narcís Oller [P1: H1 ]-- La cambrera / monòlech de Ch. Gross ; adaptació de Narcís Oller [P1: D1] -- El rosset / monòlech original de Narcís Oller [P1: D1]
593 ## - Camps col·lecció exemplar
Signatura topogràfica i/o núm. de registre 13979-N.
Notes Pàgines sense relligar.
Història de l’exemplar. Procedència Compra a Llibreria Millà, topogàfic C. Millà O3-2695.
Nom de la col·lecció especial Llibreria Millà
700 0# - ENTRADA AGREGADA--NOMBRE PERSONAL
Nombre de persona Molière,
Fechas asociadas al nombre 1622-1673.
Título de la obra Dépit amoureux
9 (RLIN) 76029
856 42 - LOCALIZACIÓN Y ACCESO ELECTRÓNICOS
Especificación de materiales Fitxa del catàleg manual
Identificador Uniforme del Recurso <a href="http://www.cdmae.cat/sedo/imgtitulos/060/P0000876.gif">http://www.cdmae.cat/sedo/imgtitulos/060/P0000876.gif</a>
856 42 - LOCALIZACIÓN Y ACCESO ELECTRÓNICOS
Especificación de materiales Fitxa del catàleg manual
Identificador Uniforme del Recurso <a href="http://www.cdmae.cat/sedo/imgtitulos/060/P0000877.gif">http://www.cdmae.cat/sedo/imgtitulos/060/P0000877.gif</a>
902 ## - ELEMENTOS DE DATOS B LOCAL, LDB (RLIN)
a Patrimoni
908 ## - COLOCAR PARÁMETRO DE COMANDO (RLIN)
Colocar parámetro de comando AHCB
-- BAB
-- BC
-- BPA
-- CEC
-- RABL
-- URV
-- BMVB
-- BMON
940 ## - EQUIVALENCIA O REFERENCIA-CRUZADA--TÍTULO UNIFORME [OBSOLETO] [solamente CAN/MARC]
Título uniforme <a href="BC">BC</a>
942 ## - ELEMENTOS DE ENTRADA AGREGADA (KOHA)
Fuente del sistema de clasificación o colocación Clasificación decimal universal
Tipo de ítem Koha Llibre
Holdings
Estado de retiro Estado de pérdida Estado dañado No para préstamo Localización permanente Ubicación/localización actual Ubicación en estantería Fecha de adquisición Fuente de adquisición Información codificada de la localización en otra ubicación Total de préstamos Signatura topográfica completa Código de barras Fecha visto por última vez Número de copia Precio válido a partir de Tipo de ítem Koha Fuente del sistema de clasificación o colocación Código de colección
      Exclòs de préstec Biblioteca Barcelona Biblioteca Barcelona BCN Magatzem Fons N 07/11/2005 Reconversió ODEC 10000   10795-N 1990968370 07/11/2005 1 11/08/2021 Llibre    
      Exclòs de préstec Biblioteca Barcelona Biblioteca Barcelona BCN Magatzem Fons N 07/11/2005 Reconversió ODEC 10000   13979-N 1990968357 07/11/2005 1 11/08/2021 Llibre Clasificación decimal universal Llibreria Millà

Powered by Koha